Dự báo thế thương trường thế kỷ XXI

保存先:
書誌詳細
第一著者: Hoàng Ân Chính
その他の著者: Tôn Nguyệt Hoa (Dịch)
フォーマット: 図書
言語:Vietnamese
出版事項: Văn hoá thông tin 2004
タグ: タグ追加
タグなし, このレコードへの初めてのタグを付けませんか!
Thư viện lưu trữ: Mạng thư viện Đại học Đà Nẵng
LEADER 00724nam a2200265 4500
001 000020222
003 16667
005 20150310100305.0
008 150310s2004 viesd
020 |c 46000 
041 0 |a vie 
082 1 4 |a 330.0112  |b HO-C 
100 1 |a Hoàng Ân Chính 
245 1 0 |a Dự báo thế thương trường thế kỷ XXI  |c Hoàng Ân Chính ; Tôn Nguyệt Hoa biên dịch. 
260 |b Văn hoá thông tin  |c 2004 
300 |a tr.  |c cm. 
700 1 |a Tôn Nguyệt Hoa  |e Dịch 
OWN |a LSP 
999 |a From the UDN01 
TYP |a Monograph 
TYP |a Printed language 
980 |a Mạng thư viện Đại học Đà Nẵng